<?xml version="1.0" encoding="UTF-8"?>
<record
    xmlns:xsi="http://www.w3.org/2001/XMLSchema-instance"
    xsi:schemaLocation="http://www.loc.gov/MARC21/slim http://www.loc.gov/standards/marcxml/schema/MARC21slim.xsd"
    xmlns="http://www.loc.gov/MARC21/slim">

  <leader>01599nam a22003014a 4500</leader>
  <controlfield tag="001">502</controlfield>
  <controlfield tag="003">BR-RjBN</controlfield>
  <controlfield tag="005">20260129100415.0</controlfield>
  <controlfield tag="008">180314s2015    bl     g      000 f por  </controlfield>
  <datafield tag="020" ind1=" " ind2=" ">
    <subfield code="a">9788576572183</subfield>
  </datafield>
  <datafield tag="040" ind1=" " ind2=" ">
    <subfield code="b">por</subfield>
  </datafield>
  <datafield tag="041" ind1=" " ind2=" ">
    <subfield code="a">eng</subfield>
    <subfield code="h">por</subfield>
  </datafield>
  <datafield tag="082" ind1="0" ind2="4">
    <subfield code="a">823</subfield>
    <subfield code="b">M427c</subfield>
  </datafield>
  <datafield tag="100" ind1=" " ind2=" ">
    <subfield code="a">Mather, Matthew,</subfield>
    <subfield code="d">1969-</subfield>
    <subfield code="9">1079</subfield>
  </datafield>
  <datafield tag="245" ind1="1" ind2="0">
    <subfield code="a">Cyberstorm /</subfield>
    <subfield code="c">Matthew Mather ; tradu&#xE7;&#xE3;o Carolina Caires Coelho.</subfield>
  </datafield>
  <datafield tag="260" ind1=" " ind2=" ">
    <subfield code="a">S&#xE3;o Paulo</subfield>
    <subfield code="b">Aleph</subfield>
    <subfield code="c">2015.</subfield>
  </datafield>
  <datafield tag="300" ind1=" " ind2=" ">
    <subfield code="a">366p. ;</subfield>
  </datafield>
  <datafield tag="500" ind1=" " ind2=" ">
    <subfield code="a">
</subfield>
  </datafield>
  <datafield tag="520" ind1=" " ind2=" ">
    <subfield code="a">Em meio a uma forte tens&#xE3;o pol&#xED;tica internacional, os Estados Unidos sofrem um grande ataque cibern&#xE9;tico: todos os meios de comunica&#xE7;&#xE3;o come&#xE7;am a falhar. Ao mesmo tempo, uma forte tempestade de neve assola a cidade de Nova York, e uma poss&#xED;vel epidemia de gripe avi&#xE1;ria parece se aproximar. Presos na cidade e quase sem contato com o resto do mundo, os moradores de repente se veem imersos em um cen&#xE1;rio verdadeiramente apocal&#xED;ptico. Enquanto rumores e especula&#xE7;&#xF5;es correm sobre a origem desses ataques, Mike Mitchell se concentra em quest&#xF5;es que para ele parecem mais urgentes. A crise o atingiu em um momento cr&#xED;tico de sua vida, complicando seus j&#xE1; confusos problemas pessoais e financeiros. Agora, sua prioridade &#xE9; manter a fam&#xED;lia unida e viva no crescente caos que se que se forma a sua volta.

</subfield>
  </datafield>
  <datafield tag="650" ind1=" " ind2=" ">
    <subfield code="a">Literatura Inglesa</subfield>
    <subfield code="9">89</subfield>
  </datafield>
  <datafield tag="650" ind1=" " ind2=" ">
    <subfield code="a">Sobreviv&#xEA;ncia</subfield>
    <subfield code="9">770</subfield>
  </datafield>
  <datafield tag="650" ind1=" " ind2="0">
    <subfield code="a">Pandemias</subfield>
    <subfield code="9">1080</subfield>
  </datafield>
  <datafield tag="650" ind1=" " ind2="0">
    <subfield code="a">Ataque cibern&#xE9;tico</subfield>
    <subfield code="9">1081</subfield>
  </datafield>
  <datafield tag="655" ind1=" " ind2=" ">
    <subfield code="a">Romance</subfield>
    <subfield code="9">23</subfield>
  </datafield>
  <datafield tag="655" ind1=" " ind2=" ">
    <subfield code="a">Fic&#xE7;&#xE3;o</subfield>
    <subfield code="9">22</subfield>
  </datafield>
  <datafield tag="700" ind1=" " ind2=" ">
    <subfield code="a">Coelho, Carolina Caires</subfield>
    <subfield code="9">1082</subfield>
  </datafield>
  <datafield tag="942" ind1=" " ind2=" ">
    <subfield code="2">ddc</subfield>
    <subfield code="n">0</subfield>
    <subfield code="c">BK</subfield>
  </datafield>
  <datafield tag="952" ind1=" " ind2=" ">
    <subfield code="0">0</subfield>
    <subfield code="1">0</subfield>
    <subfield code="2">ddc</subfield>
    <subfield code="4">0</subfield>
    <subfield code="7">0</subfield>
    <subfield code="8">FIC</subfield>
    <subfield code="a">BIBIB</subfield>
    <subfield code="b">BIBIB</subfield>
    <subfield code="c">LE</subfield>
    <subfield code="d">2026-01-29</subfield>
    <subfield code="e">doa&#xE7;&#xE3;o</subfield>
    <subfield code="l">0</subfield>
    <subfield code="o">823 / M427c</subfield>
    <subfield code="p">2026-17437</subfield>
    <subfield code="r">2026-01-29 09:13:30</subfield>
    <subfield code="w">2026-01-29</subfield>
    <subfield code="y">BK</subfield>
  </datafield>
  <datafield tag="999" ind1=" " ind2=" ">
    <subfield code="c">502</subfield>
    <subfield code="d">502</subfield>
  </datafield>
</record>
